Toán 8 Sách giáo viên T.1

Αποθηκεύτηκε σε:
Λεπτομέρειες βιβλιογραφικής εγγραφής
Κύριος συγγραφέας: Phan, Đức Chính
Άλλοι συγγραφείς: Tôn, Thân
Μορφή: Βιβλίο
Γλώσσα:Undetermined
Έκδοση: H. Giáo dục 2004
Θέματα:
Διαθέσιμο Online:http://lrc.tdmu.edu.vn/opac/search/detail.asp?aID=2&ID=5103
Ετικέτες: Προσθήκη ετικέτας
Δεν υπάρχουν, Καταχωρήστε ετικέτα πρώτοι!
Thư viện lưu trữ: Trung tâm Học liệu Trường Đại học Thủ Dầu Một
LEADER 00667nam a2200229Ia 4500
001 TDMU_5103
008 210410s9999 xx 000 0 und d
082 |a 510.71 
090 |b PH105 
100 |a Phan, Đức Chính 
245 0 |a Toán 8 
245 0 |b Sách giáo viên 
245 0 |c Phan Đức Chính 
245 0 |n T.1 
260 |a H. 
260 |b Giáo dục 
260 |c 2004 
300 |a 187tr 
650 |a Toán  |x Dạy và học; Sách lớp 8  |v Giáo viên 
700 |a Tôn, Thân 
856 |u http://lrc.tdmu.edu.vn/opac/search/detail.asp?aID=2&ID=5103 
980 |a Trung tâm Học liệu Trường Đại học Thủ Dầu Một